000 01019nam a2200277 a 4500
001 BRCA_985
005 20190320203231.0
008 031022s1989 mx-a---##b---#001-0#spa-d
020 _a9686085971
_bspa
041 _aspa
_heng
050 4 _aNA2542.4
_b.P36 1989
100 1 _aPanero, Julius
_93246
245 1 0 _aLas dimensiones humanas en los espacios interiores
_bestándares antropométricos
_cJulius Panero, Martin Zelnik ; traducción Santiago Castán.
250 _a4
260 _aMéxico
_bG. Gili
_c1989
300 _a320 p.
_bil.
_c31 cm.
500 _aTraducción de: Human dimension & interior space: a source book of design reference standards
500 _aIncluye índice alfabético
504 _aBibliografía: p. 316-317
650 1 4 _aArquitectura
_xFactores humanos
_93247
650 1 4 _aDecoración de interiores
_xFactores humanos
_93248
650 1 4 _aAntropometría
_vTablas, cálculo, etc.
_93249
700 1 _aZelnik, Martin
_d1939-
_93250
700 1 _aCastán, Santiago
_93251
942 _2lcc
_cB
999 _c869
_d869